Zelda Tears of the Kingdom Skyview Towers - Statistics

General Stats
  • This quiz has been taken 7 times
  • The average score is 6 of 15
Answer Stats
Hint Answer % Correct
Tower Gerudo Canyon Skyview Tower
80%
Tower Lookout Landing Skyview Tower
80%
Tower Gerudo Highlands Skyview Tower
60%
Tower Hyrule Field Skyview Tower
60%
Tower Mount Lanayru Skyview Tower
60%
Tower Eldin Canyon Skyview Tower
40%
Tower Rabella Wetlands Skyview Tower
40%
Tower Sahasra Slope Skyview Tower
40%
Tower Typhlo Ruins Skyview Tower
40%
Tower Lindor's Brow Skyview Tower
20%
Tower Pikida Stonegrove Skyview Tower
20%
Tower Popla Hills Skyview Tower
20%
Tower Rospro Pass Skyview Tower
20%
Tower Ulri Mountain Skyview Tower
20%
Tower Upland Zorana Skyview Tower
20%
No matching quizzes found
Score Distribution
Percent of People with Each Score
Percentile by Number Answered
Your Score History
You have not taken this quiz